[Event "9th HDBank Open 2019"]
[Site "Ho Chi Minh City"]
[Date "2019.03.07"]
[Round "1.18"]
[White "Nasanjargal, Urtnasan"]
[Black "Luong, Phuong Hanh"]
[Result "1-0"]
[WhiteElo "2503"]
[BlackElo "2259"]
[Annotator "ChessBase"]
[PlyCount "75"]
[EventDate "2019.03.07"]
[EventType "swiss"]
[EventCountry "VIE"]
[SourceTitle "playchess.com"]
[Source "ChessBase"]
[SourceQuality "1"]
[TimeControl "5400+30"]

1. c4 {[%emt 0:00:00]} Nf6 {[%emt 0:00:00]} 2. Nc3 {[%emt 0:00:06]} d5 {[%emt 0:00:54]} 3. cxd5 {[%emt 0:00:09]} Nxd5 {[%emt 0:00:09]} 4. g3 {[%emt 0:00:46]} g6 {[%emt 0:00:13]} 5. Bg2 {[%emt 0:00:11]} Nb6 {[%emt 0:00:31]} 6. d3 {[%emt 0:00:15]} Bg7 {[%emt 0:00:49]} 7. Be3 {[%emt 0:00:19]} O-O {[%emt 0:00:58]} 8. h4 {[%emt 0:00:36]} Nc6 {[%emt 0:03:23]} 9. Bxc6 {[%emt 0:03:28]} bxc6 {[%emt 0:00:19]} 10. Qd2 {[%emt 0:00:19]} h5 {[%emt 0:03:48]} 11. Rc1 {[%emt 0:01:43]} Nd5 {[%emt 0:04:04]} 12. Bh6 {[%emt 0:01:13]} Bg4 {[%emt 0:04:05]} 13. Ne4 {[%emt 0:07:02]} Nf6 {[%emt 0:04:15]} 14. Bxg7 {[%emt 0:04:38]} Kxg7 {[%emt 0:00:04]} 15. f3 {[%emt 0:01:12]} Nxe4 {[%emt 0:01:58]} 16. dxe4 {[%emt 0:01:12]} Qxd2+ {[%emt 0:00:22]} 17. Kxd2 {[%emt 0:00:15]} Rfd8+ {[%emt 0:00:59]} 18. Ke3 {[%emt 0:00:32]} Be6 {[%emt 0:00:39]} 19. Nh3 {[%emt 0:04:25]} Bxa2 {[%emt 0:05:17]} 20. Rxc6 {[%emt 0:01:55]} Rab8 {[%emt 0:02:54]} 21. Rxc7 {[%emt 0:02:18]} Rb3+ {[%emt 0:01:12]} 22. Kf2 {[%emt 0:09:50]} Rxb2 {[%emt 0:08:58]} 23. Rxe7 {[%emt 0:00:58]} Bc4 {[%emt 0:03:30]} 24. Nf4 {[%emt 0:00:20]} Rdd2 {[%emt 0:00:25]} 25. Re1 {[%emt 0:00:08]} a5 {[%emt 0:03:30]} 26. Ra7 {[%emt 0:01:21]} Ra2 {[%emt 0:02:37]} 27. e5 {[%emt 0:04:20]} Kh6 {[%emt 0:02:49]} 28. Rc7 {[%emt 0:01:50]} Rdc2 {[%emt 0:05:40]} 29. Rb1 {[%emt 0:07:32]} a4 {[%emt 0:15:51]} 30. g4 {[%emt 0:06:43]} hxg4 {[%emt 0:05:11]} 31. fxg4 {[%emt 0:00:12]} g5 {[%emt 0:12:12]} 32. Rb6+ {[%emt 0:02:40]} Kg7 {[%emt 0:00:50]} 33. hxg5 {[%emt 0:02:33]} Rxe2+ {[%emt 0:00:31]} 34. Nxe2 {[%emt 0:00:36]} Rxe2+ {[%emt 0:00:20]} 35. Kg3 {[%emt 0:01:38]} Bd5 {[%emt 0:01:52]} 36. g6 {[%emt 0:01:13]} Re3+ {[%emt 0:01:35]} 37. Kh4 {[%emt 0:00:32]} Rb3 {[%emt 0:00:47]} 38. Rd6 {[%emt 0:01:43]} 1-0

[Event "9th HDBank Open 2019"]
[Site "Ho Chi Minh City"]
[Date "2019.03.07"]
[Round "1.19"]
[White "Sahil, Tickoo"]
[Black "Karthik Venkataraman"]
[Result "0-1"]
[WhiteElo "2259"]
[BlackElo "2494"]
[Annotator "TA"]
[PlyCount "94"]
[EventDate "2019.03.07"]
[EventType "swiss"]
[EventCountry "VIE"]
[SourceTitle "playchess.com"]
[Source "ChessBase"]
[SourceQuality "1"]

{[%evp 17,94,-30,0,0,0,0,0,0,0,0,0,0,0,-1,43,-20,-11,-43,-55,-110,-105,-107,-119,-122,-121,-106,-119,-112,-87,-139,-138,-188,-189,-179,-201,-199,-131,-142,-128,-201,-220,-218,-229,-213,-189,-233,-207,-241,-216,-222,-211,-214,-208,-351,-351,-352,-308,-984,-966,-847,-740,-876,-815,-761,-664,-1324,-1242,-5365,-5072,-2439,-1722,-5448,-5081,-29982,-29983,-29983,-29984,-29984,-29985]} 1. d4 Nf6 2. Bf4 d5 3. e3 e6 4. Nd2 Bd6 5. Bg3 O-O 6. Bd3 c5 7. c3 Qc7 8. Ngf3 Nbd7 9. O-O {D02: 1 d4 d5 2 Nf3 sidelines, including 2...Nf6 3 g3 and 2...Nf6 3 Bf4} (9. Qc2 e5 10. dxe5 Nxe5 11. Nxe5 Bxe5 12. Nf3 Bxg3 13. hxg3 h6 14. c4 Be6 15. O-O Rfd8 16. Rac1 Rac8 17. cxd5 Nxd5 {½-½ (36) Vachier Lagrave,M (2779)-Dominguez Perez,L (2739) chess.com INT 2018}) 9... e5 {LiveBook: 9 Games} 10. e4 exd4 11. cxd4 {And now e5 would win.The position is equal.} Bxg3 12. hxg3 c4 13. Bc2 dxe4 14. Bxe4 $146 ({Predecessor:} 14. Nxe4 Nxe4 15. Bxe4 Nf6 16. Bc2 b5 {0-1 (36) Rozic,V (2278)-Repkova,E (2423) Sibenik 2011}) 14... Nb6 15. Rc1 Be6 16. d5 (16. Ng5 $14) 16... Nbxd5 $11 17. Rxc4 Qb6 18. Bxd5 (18. Qb3 $15) 18... Bxd5 $17 19. Rc2 Bxa2 20. Qa1 Bd5 21. Nc4 Bxc4 22. Rxc4 Rfe8 23. Re1 ({White should try} 23. g4) 23... Rxe1+ 24. Qxe1 Qxb2 25. Rb4 Qa3 26. Rxb7 Re8 ({Better is} 26... a5 $19 27. Qf1 Qc3) 27. Qb1 h6 28. Rb8 {[#]} (28. Qc2 $17 {was worth a try.}) 28... Rxb8 $1 $19 29. Qxb8+ {[#]} Kh7 $1 {( -> ...Qc1+)} 30. Qb1+ g6 31. Ne5 Kg7 32. Kh2 Qc3 33. f4 {Hoping for Qb7.} Nh5 34. Nf3 a5 {[%cal Ba7a5,Ba5a4,Ba4a3][%mdl 32] Threatens to win with ...a4.} 35. Qb5 (35. Qa2 $142) 35... Nf6 36. Ne5 {aiming for Qb7.} Ne4 37. Qd3 $2 (37. Nf3) 37... Qxd3 38. Nxd3 {[%mdl 4096] Endgame KN-KN} a4 39. g4 Kf6 40. Nb4 Ke6 41. Kh3 Kd6 42. Kh4 a3 43. Na2 Kc5 44. g5 hxg5+ 45. fxg5 Kc4 {Black mates.} 46. Kg4 Nc3 47. Nc1 {[#]} Ne2 $1 {[%mdl 512] Precision: White = 32%, Black = 80%.} 0-1

[Event "9th HDBank Open 2019"]
[Site "Ho Chi Minh City"]
[Date "2019.03.07"]
[Round "1.20"]
[White "Stefanova, Antoaneta"]
[Black "Tran, Ngoc Lan"]
[Result "1/2-1/2"]
[WhiteElo "2493"]
[BlackElo "2250"]
[Annotator "ChessBase"]
[PlyCount "72"]
[EventDate "2019.03.07"]
[EventType "swiss"]
[EventCountry "VIE"]
[SourceTitle "playchess.com"]
[Source "ChessBase"]
[SourceQuality "1"]
[TimeControl "5400+30"]

1. Nf3 {[%emt 0:02:08]} d5 {[%emt 0:00:17]} 2. g3 {[%emt 0:00:08]} c6 {[%emt 0:00:29]} 3. Bg2 {[%emt 0:00:19]} Bg4 {[%emt 0:00:21]} 4. O-O {[%emt 0:06:35]} Nd7 {[%emt 0:00:21]} 5. d3 {[%emt 0:01:56]} e5 {[%emt 0:02:15]} 6. c4 {[%emt 0:05:58]} dxc4 {[%emt 0:09:07]} 7. dxc4 {[%emt 0:00:10]} Ngf6 {[%emt 0:00:14]} 8. h3 {[%emt 0:03:25]} Bh5 {[%emt 0:01:36]} 9. Be3 {[%emt 0:09:33]} Qc7 {[%emt 0:05:01]} 10. Nc3 {[%emt 0:06:23]} Bc5 {[%emt 0:02:40]} 11. Qc1 {[%emt 0:03:29]} O-O {[%emt 0:05:21]} 12. Rd1 {[%emt 0:03:16]} Bxf3 {[%emt 0:03:13]} 13. Bxf3 {[%emt 0:01:59]} Rfe8 {[%emt 0:00:47]} 14. Bg2 {[%emt 0:03:21]} Rad8 {[%emt 0:05:00]} 15. Bxc5 {[%emt 0:02:02]} Nxc5 {[%emt 0:00:04]} 16. Qe3 {[%emt 0:00:56]} Qb6 {[%emt 0:06:54]} 17. b3 {[%emt 0:02:39]} Ncd7 {[%emt 0:02:40]} 18. Qxb6 {[%emt 0:03:35]} Nxb6 {[%emt 0:00:26]} 19. c5 {[%emt 0:01:22]} Nbd5 {[%emt 0:00:35]} 20. Nxd5 {[%emt 0:06:51]} Nxd5 {[%emt 0:02:14]} 21. Rd2 {[%emt 0:02:59]} Nc3 {[%emt 0:01:11]} 22. Rc2 {[%emt 0:06:43]} Nb5 {[%emt 0:01:10]} 23. a4 {[%emt 0:02:15]} Nd4 {[%emt 0:00:16]} 24. Rb2 {[%emt 0:00:05]} a5 {[%emt 0:00:44]} 25. Rc1 {[%emt 0:06:50]} Ne6 {[%emt 0:01:14]} 26. e3 {[%emt 0:04:36]} Rd7 {[%emt 0:01:20]} 27. Kf1 {[%emt 0:01:30]} Red8 {[%emt 0:00:38]} 28. Ke1 {[%emt 0:00:08]} Kf8 {[%emt 0:00:18]} 29. h4 {[%emt 0:02:12]} Ke7 {[%emt 0:00:44]} 30. Bh3 {[%emt 0:04:14]} Rd5 {[%emt 0:00:16]} 31. Bxe6 {[%emt 0:00:11]} Kxe6 {[%emt 0:00:05]} 32. b4 {[%emt 0:00:06]} axb4 {[%emt 0:01:11]} 33. Rxb4 {[%emt 0:00:05]} Rd2 {[%emt 0:08:37]} 34. Rcb1 {[%emt 0:05:30]} Rc2 {[%emt 0:00:35]} 35. R1b2 {[%emt 0:00:07]} Rxc5 {[%emt 0:01:48]} 36. Rxb7 {[%emt 0:00:05]} Ra8 {[%emt 0:00:26]} 1/2-1/2

[Event "9th HDBank Open 2019"]
[Site "Ho Chi Minh City"]
[Date "2019.03.07"]
[Round "1.21"]
[White "Iniyan, P."]
[Black "Nguyen, Thi Thanh An"]
[Result "*"]
[WhiteElo "2487"]
[BlackElo "2245"]
[Annotator "TA"]
[PlyCount "33"]
[EventDate "2019.03.07"]
[EventType "swiss"]
[EventCountry "VIE"]
[SourceTitle "playchess.com"]
[Source "ChessBase"]
[SourceQuality "1"]

{[%evp 9,33,28,30,0,0,-3,-11,-24,-8,-16,0,-7,0,0,0,-2,0,0,10,-12,-9,-3,0,-12,-9,-9]} 1. c4 g6 2. g3 Bg7 3. Bg2 d6 4. Nf3 Nf6 5. O-O O-O 6. Qc2 {A15: English Opening: 1...Nf6} (6. d4 Nc6 7. Nc3 e5 8. d5 Nb8 9. Ne1 a5 10. Nd3 Na6 11. e4 Nd7 12. Be3 Ndc5 13. Nxc5 Nxc5 14. Qd2 f5 15. exf5 gxf5 16. f4 e4 {1-0 (50) Svidler,P (2753)-Yu,Y (2759) Shenzhen 2018}) 6... c5 7. d3 Nc6 8. a3 Bg4 9. Nc3 {The position is equal.} Bxf3 10. exf3 $146 ({Predecessor:} 10. Bxf3 Nd4 11. Qd1 Nxf3+ 12. exf3 Qd7 13. Kg2 a6 14. Bd2 b5 15. b4 bxc4 16. dxc4 cxb4 17. axb4 {0-1 (38) Hansen,E-Grove,P Copenhagen 2003}) 10... Nd4 11. Qa4 a6 12. f4 Rb8 13. Be3 Ne8 14. Bxd4 Bxd4 15. Rab1 Nc7 16. Ne2 Bf6 17. b4 {Accuracy: White = 58%, Black = 68%.} *

[Event "9th HDBank Open 2019"]
[Site "Ho Chi Minh City"]
[Date "2019.03.07"]
[Round "1.21"]
[White "Krithigga K"]
[Black "Nguyen, Thi Thanh An"]
[Result "1/2-1/2"]
[WhiteElo "2487"]
[BlackElo "2245"]
[Annotator "TA"]
[PlyCount "84"]
[EventDate "2019.03.07"]
[EventType "swiss"]
[EventCountry "VIE"]
[SourceTitle "playchess.com"]
[Source "ChessBase"]
[SourceQuality "1"]

{[%evp 9,84,20,30,0,2,-1,-4,-27,-8,-25,0,0,0,-1,-1,-1,-1,-1,17,0,0,0,-7,-15,-8,-4,-10,-19,-19,-19,-19,-24,-15,-15,-15,-28,-27,-65,-40,-40,-40,-40,-40,-40,-40,-40,-40,-40,-40,-40,-40,-58,-45,-49,-47,-47,-36,-36,-36,-50,-47,-50,-52,-54,-54,-55,-45,-47,-44,-44,-44,-53,-53,-53,-53,-53,-53]} 1. c4 g6 2. g3 Bg7 3. Bg2 d6 4. Nf3 Nf6 5. O-O O-O 6. Qc2 {A15: English Opening: 1...Nf6} (6. d4 Nc6 7. Nc3 e5 8. d5 Nb8 9. Ne1 a5 10. Nd3 Na6 11. e4 Nd7 12. Be3 Ndc5 13. Nxc5 Nxc5 14. Qd2 f5 15. exf5 gxf5 16. f4 e4 {1-0 (50) Svidler,P (2753)-Yu,Y (2759) Shenzhen 2018}) 6... c5 7. d3 Nc6 8. a3 {The position is equal.} Bg4 9. Nc3 Bxf3 10. exf3 $146 ({Predecessor:} 10. Bxf3 Nd4 11. Qd1 Nxf3+ 12. exf3 Qd7 13. Kg2 a6 14. Bd2 b5 15. b4 bxc4 16. dxc4 cxb4 17. axb4 {0-1 (38) Hansen,E-Grove,P Copenhagen 2003}) 10... Nd4 11. Qa4 a6 12. f4 Rb8 13. Be3 Ne8 14. Bxd4 (14. Rab1 {keeps more tension.} Nf5 15. Bd2 Nc7 16. b4 b5 17. Qd1) 14... Bxd4 15. Rab1 Nc7 16. Ne2 Bf6 17. b4 b5 18. Qc2 Ne6 19. Rfc1 Nd4 20. Qd1 Nxe2+ 21. Qxe2 Bd4 22. Rb3 e6 (22... e5 {with more complications.} 23. Qd2 Re8 24. bxc5 dxc5 25. f5 Qd6) 23. bxc5 bxc4 {Black is slightly better.} (23... dxc5 {looks sharper.} 24. Rcb1 Qd7 25. Be4 h5 26. Qd2 Rb6) 24. Rxb8 Qxb8 25. dxc4 Bxc5 26. Qa2 Qc7 27. Rb1 Rb8 28. Rxb8+ Qxb8 29. a4 Qb4 30. Bf1 a5 31. Kg2 Qb7+ 32. Kg1 h5 33. Bg2 Qb4 34. Qc2 Qe1+ 35. Bf1 Qa1 36. Kg2 Qd4 37. Bd3 Kg7 38. Be4 {[#]} h4 $1 {[%mdl 512]} 39. Bf3 (39. gxh4 f5) 39... f5 40. Bc6 Kf6 41. Qe2 hxg3 42. hxg3 Bb6 {Accuracy: White = 58%, Black = 63%.} 1/2-1/2

[Event "9th HDBank Open 2019"]
[Site "Ho Chi Minh City"]
[Date "2019.03.07"]
[Round "1.22"]
[White "Praveen Kumar C"]
[Black "Nguyen, Anh Khoi"]
[Result "1/2-1/2"]
[WhiteElo "2243"]
[BlackElo "2484"]
[Annotator "ChessBase"]
[PlyCount "69"]
[EventDate "2019.03.07"]
[EventType "swiss"]
[EventCountry "VIE"]
[SourceTitle "playchess.com"]
[Source "ChessBase"]
[SourceQuality "1"]
[TimeControl "5400+30"]

1. d4 {[%emt 0:00:00]} Nf6 {[%emt 0:00:00]} 2. c4 {[%emt 0:00:00]} e6 {[%emt 0:00:00]} 3. g3 {[%emt 0:00:00]} c5 {[%emt 0:00:14]} 4. d5 {[%emt 0:00:10]} exd5 {[%emt 0:00:08]} 5. cxd5 {[%emt 0:00:05]} d6 {[%emt 0:00:13]} 6. Nc3 {[%emt 0:00:07]} g6 {[%emt 0:00:10]} 7. Nf3 {[%emt 0:00:10]} Bg7 {[%emt 0:00:06]} 8. Bg2 {[%emt 0:00:14]} O-O {[%emt 0:00:09]} 9. O-O {[%emt 0:00:10]} a6 {[%emt 0:00:57]} 10. a4 {[%emt 0:00:07]} Nbd7 {[%emt 0:00:22]} 11. Bf4 {[%emt 0:01:54]} Qe7 {[%emt 0:00:09]} 12. Qc1 {[%emt 0:03:19]} Ng4 {[%emt 0:07:06]} 13. h3 {[%emt 0:09:30]} Nge5 {[%emt 0:00:08]} 14. Bh6 {[%emt 0:00:54]} Bxh6 {[%emt 0:13:22]} 15. Qxh6 {[%emt 0:00:10]} f5 {[%emt 0:01:41]} 16. Rae1 {[%emt 0:19:23]} Re8 {[%emt 0:29:32]} 17. e4 {[%emt 0:11:59]} Nxf3+ {[%emt 0:03:59]} 18. Bxf3 {[%emt 0:00:10]} Qf8 {[%emt 0:04:56]} 19. Qxf8+ {[%emt 0:19:23]} Kxf8 {[%emt 0:00:28]} 20. Re3 {[%emt 0:00:24]} Nf6 {[%emt 0:09:10]} 21. exf5 {[%emt 0:03:44]} gxf5 {[%emt 0:02:03]} 22. Rxe8+ {[%emt 0:06:26]} Nxe8 {[%emt 0:00:11]} 23. Rb1 {[%emt 0:04:14]} Bd7 {[%emt 0:01:30]} 24. a5 {[%emt 0:04:17]} Nc7 {[%emt 0:06:16]} 25. b4 {[%emt 0:06:17]} c4 {[%emt 0:07:43]} 26. Be2 {[%emt 0:00:32]} Nb5 {[%emt 0:01:02]} 27. Rc1 {[%emt 0:00:18]} Rc8 {[%emt 0:04:19]} 28. Bf1 {[%emt 0:00:25]} Nxc3 {[%emt 0:03:08]} 29. Rxc3 {[%emt 0:00:06]} Bb5 {[%emt 0:00:03]} 30. f4 {[%emt 0:03:05]} Re8 {[%emt 0:01:59]} 31. Kf2 {[%emt 0:00:08]} Re4 {[%emt 0:00:34]} 32. Be2 {[%emt 0:00:11]} Rd4 {[%emt 0:00:30]} 33. Ke3 {[%emt 0:00:32]} Re4+ {[%emt 0:00:16]} 34. Kf2 {[%emt 0:00:11]} Rd4 {[%emt 0:00:05]} 35. Ke3 {[%emt 0:00:05]} 1/2-1/2

[Event "9th HDBank Open 2019"]
[Site "Ho Chi Minh City"]
[Date "2019.03.07"]
[Round "1.23"]
[White "Vignesh N R"]
[Black "Nandhidhaa, P V"]
[Result "0-1"]
[WhiteElo "2476"]
[BlackElo "2240"]
[Annotator "ChessBase"]
[PlyCount "75"]
[EventDate "2019.03.07"]
[EventType "swiss"]
[EventCountry "VIE"]
[SourceTitle "playchess.com"]
[Source "ChessBase"]
[SourceQuality "1"]
[TimeControl "5400+30"]

1. e4 {[%emt 0:00:00]} c5 {[%emt 0:00:35]} 2. Nf3 {[%emt 0:00:01]} e6 {[%emt 0:00:04]} 3. d4 {[%emt 0:00:24]} cxd4 {[%emt 0:00:04]} 4. Nxd4 {[%emt 0:00:04]} Nc6 {[%emt 0:00:04]} 5. Nc3 {[%emt 0:02:25]} Qc7 {[%emt 0:00:06]} 6. Be3 {[%emt 0:00:05]} a6 {[%emt 0:00:04]} 7. Qf3 {[%emt 0:00:19]} Nf6 {[%emt 0:01:27]} 8. O-O-O {[%emt 0:00:04]} Ne5 {[%emt 0:02:44]} 9. Qg3 {[%emt 0:00:03]} b5 {[%emt 0:00:14]} 10. a3 {[%emt 0:04:43]} Bb7 {[%emt 0:06:01]} 11. Bxb5 {[%emt 0:02:07]} Rc8 {[%emt 0:00:33]} 12. Ba4 {[%emt 0:03:02]} Nxe4 {[%emt 0:00:52]} 13. Nxe4 {[%emt 0:00:06]} Bxe4 {[%emt 0:00:04]} 14. Bf4 {[%emt 0:01:59]} Qc4 {[%emt 0:01:19]} 15. Bxe5 {[%emt 0:02:00]} Qxa4 {[%emt 0:00:37]} 16. Rd2 {[%emt 0:00:22]} f6 {[%emt 0:00:34]} 17. Bd6 {[%emt 0:00:31]} Kf7 {[%emt 0:00:56]} 18. Re1 {[%emt 0:06:35]} Bg6 {[%emt 0:00:47]} 19. Bxf8 {[%emt 0:05:00]} Rhxf8 {[%emt 0:00:29]} 20. Qd6 {[%emt 0:00:44]} Kg8 {[%emt 0:00:53]} 21. f4 {[%emt 0:01:44]} Qc4 {[%emt 0:04:47]} 22. Qxd7 {[%emt 0:24:23]} Bf7 {[%emt 0:05:16]} 23. Nxe6 {[%emt 0:06:05]} Rfe8 {[%emt 0:04:52]} 24. f5 {[%emt 0:03:13]} Qa2 {[%emt 0:02:39]} 25. Rd3 {[%emt 0:03:14]} Qa1+ {[%emt 0:12:21]} 26. Kd2 {[%emt 0:00:04]} Qxb2 {[%emt 0:00:16]} 27. Nc7 {[%emt 0:02:43]} Rf8 {[%emt 0:07:10]} 28. Re7 {[%emt 0:01:09]} Qb6 {[%emt 0:04:58]} 29. Ke2 {[%emt 0:19:44]} Qg1 {[%emt 0:12:36]} 30. Rxf7 {[%emt 0:05:28]} Qxg2+ {[%emt 0:00:32]} 31. Ke3 {[%emt 0:00:06]} Qg1+ {[%emt 0:03:09]} 32. Ke4 {[%emt 0:03:51]} Qg4+ {[%emt 0:02:53]} 33. Ke3 {[%emt 0:00:27]} Qg1+ {[%emt 0:00:35]} 34. Kf3 {[%emt 0:01:18]} Qf1+ {[%emt 0:03:48]} 35. Kg4 {[%emt 0:01:28]} Qe2+ {[%emt 0:02:41]} 36. Kg3 {[%emt 0:01:01]} Qe1+ {[%emt 0:01:19]} 37. Kg4 {[%emt 0:00:43]} Qe2+ {[%emt 0:00:09]} 38. Rf3 {[%emt 0:00:16]} 0-1

[Event "9th HDBank Open 2019"]
[Site "Ho Chi Minh City"]
[Date "2019.03.07"]
[Round "1.24"]
[White "Vo, Dai Hoai Duc"]
[Black "Nguyen, Anh Dung"]
[Result "1/2-1/2"]
[WhiteElo "2226"]
[BlackElo "2458"]
[Annotator "ChessBase"]
[PlyCount "86"]
[EventDate "2019.03.07"]
[EventType "swiss"]
[EventCountry "VIE"]
[SourceTitle "playchess.com"]
[Source "ChessBase"]
[SourceQuality "1"]
[TimeControl "5400+30"]

1. d4 {[%emt 0:00:00]} Nf6 {[%emt 0:00:00]} 2. c4 {[%emt 0:00:05]} e6 {[%emt 0:00:13]} 3. Nc3 {[%emt 0:00:06]} Bb4 {[%emt 0:00:27]} 4. e3 {[%emt 0:00:08]} c5 {[%emt 0:00:56]} 5. Nge2 {[%emt 0:00:06]} cxd4 {[%emt 0:01:40]} 6. exd4 {[%emt 0:00:06]} d5 {[%emt 0:00:42]} 7. c5 {[%emt 0:00:22]} Ne4 {[%emt 0:00:51]} 8. Bd2 {[%emt 0:01:06]} Nxd2 {[%emt 0:01:54]} 9. Qxd2 {[%emt 0:00:07]} Nc6 {[%emt 0:03:46]} 10. a3 {[%emt 0:02:03]} Ba5 {[%emt 0:10:13]} 11. b4 {[%emt 0:00:11]} Bc7 {[%emt 0:00:11]} 12. g3 {[%emt 0:01:53]} O-O {[%emt 0:00:29]} 13. Bg2 {[%emt 0:00:17]} Bd7 {[%emt 0:01:40]} 14. O-O {[%emt 0:00:27]} Ne7 {[%emt 0:03:56]} 15. f4 {[%emt 0:01:43]} Nf5 {[%emt 0:02:32]} 16. Kh1 {[%emt 0:12:59]} Qf6 {[%emt 0:07:29]} 17. Rf3 {[%emt 0:01:33]} h5 {[%emt 0:13:52]} 18. Rd3 {[%emt 0:03:12]} g6 {[%emt 0:05:24]} 19. Ng1 {[%emt 0:07:15]} b6 {[%emt 0:06:50]} 20. Rb1 {[%emt 0:14:53]} Rab8 {[%emt 0:05:46]} 21. b5 {[%emt 0:06:41]} bxc5 {[%emt 0:02:20]} 22. dxc5 {[%emt 0:05:35]} Rfd8 {[%emt 0:01:24]} 23. a4 {[%emt 0:05:48]} Be8 {[%emt 0:01:12]} 24. Nce2 {[%emt 0:05:29]} Rdc8 {[%emt 0:03:19]} 25. Rc1 {[%emt 0:03:12]} Bd8 {[%emt 0:02:15]} 26. Nf3 {[%emt 0:17:12]} a6 {[%emt 0:02:19]} 27. b6 {[%emt 0:00:08]} Bxa4 {[%emt 0:00:22]} 28. Nfd4 {[%emt 0:03:43]} Nxd4 {[%emt 0:03:26]} 29. Nxd4 {[%emt 0:00:13]} Qe7 {[%emt 0:01:26]} 30. Rdc3 {[%emt 0:03:35]} Bb5 {[%emt 0:00:40]} 31. Nxb5 {[%emt 0:00:23]} axb5 {[%emt 0:00:14]} 32. Bf1 {[%emt 0:03:27]} b4 {[%emt 0:02:30]} 33. R3c2 {[%emt 0:00:04]} b3 {[%emt 0:02:19]} 34. Rc3 {[%emt 0:00:06]} Ra8 {[%emt 0:01:21]} 35. Qb2 {[%emt 0:01:09]} Ra5 {[%emt 0:02:56]} 36. Qxb3 {[%emt 0:00:11]} Raxc5 {[%emt 0:00:10]} 37. Rxc5 {[%emt 0:00:52]} Rxc5 {[%emt 0:00:05]} 38. Rxc5 {[%emt 0:00:23]} Qxc5 {[%emt 0:00:06]} 39. b7 {[%emt 0:00:30]} Qf2 {[%emt 0:01:02]} 40. Qb1 {[%emt 0:00:14]} Bc7 {[%emt 0:00:42]} 41. b8=Q+ {[%emt 0:00:10]} Bxb8 {[%emt 0:00:03]} 42. Qxb8+ {[%emt 0:00:09]} Kh7 {[%emt 0:00:06]} 43. Qb1 {[%emt 0:00:27]} h4 1/2-1/2

[Event "9th HDBank Open 2019"]
[Site "Ho Chi Minh City"]
[Date "2019.03.07"]
[Round "1.25"]
[White "Nguyen, Duc Hoa"]
[Black "Bhambure, Shantanu"]
[Result "1-0"]
[WhiteElo "2450"]
[BlackElo "2220"]
[Annotator "ChessBase"]
[PlyCount "106"]
[EventDate "2019.03.07"]
[EventType "swiss"]
[EventCountry "VIE"]
[SourceTitle "playchess.com"]
[Source "ChessBase"]
[SourceQuality "1"]
[TimeControl "5400+30"]

1. c4 {[%emt 0:00:20]} e5 {[%emt 0:00:00]} 2. Nc3 {[%emt 0:00:09]} Bb4 {[%emt 0:00:14]} 3. e3 {[%emt 0:00:34]} Bxc3 {[%emt 0:01:37]} 4. bxc3 {[%emt 0:00:29]} d6 {[%emt 0:00:33]} 5. e4 {[%emt 0:04:23]} Ne7 {[%emt 0:03:35]} 6. d4 {[%emt 0:04:49]} c5 {[%emt 0:06:24]} 7. Bd3 {[%emt 0:04:48]} Nbc6 {[%emt 0:07:05]} 8. Ne2 {[%emt 0:06:40]} O-O {[%emt 0:07:06]} 9. O-O {[%emt 0:00:46]} f5 {[%emt 0:02:33]} 10. f4 {[%emt 0:07:03]} exd4 {[%emt 0:04:28]} 11. cxd4 {[%emt 0:00:17]} cxd4 {[%emt 0:11:19]} 12. Rb1 {[%emt 0:03:33]} b6 {[%emt 0:09:00]} 13. Bb2 {[%emt 0:01:39]} fxe4 {[%emt 0:03:37]} 14. Bxe4 {[%emt 0:00:07]} Bf5 {[%emt 0:00:21]} 15. Bxc6 {[%emt 0:09:25]} Nxc6 {[%emt 0:00:18]} 16. Nxd4 {[%emt 0:00:05]} Nxd4 {[%emt 0:07:25]} 17. Qxd4 {[%emt 0:00:05]} Qc7 {[%emt 0:01:27]} 18. Rbd1 {[%emt 0:03:44]} Qc5 {[%emt 0:01:46]} 19. Rf2 {[%emt 0:01:27]} Rf7 {[%emt 0:06:14]} 20. h3 {[%emt 0:00:08]} Be6 {[%emt 0:04:02]} 21. Qxd6 {[%emt 0:02:55]} Qxd6 {[%emt 0:01:01]} 22. Rxd6 {[%emt 0:00:06]} Bxc4 {[%emt 0:00:08]} 23. Be5 {[%emt 0:00:28]} b5 {[%emt 0:02:46]} 24. g4 {[%emt 0:01:43]} Re8 {[%emt 0:01:50]} 25. Kh2 {[%emt 0:09:46]} a5 {[%emt 0:01:27]} 26. Rfd2 {[%emt 0:03:24]} Rfe7 {[%emt 0:02:36]} 27. h4 {[%emt 0:02:24]} Re6 {[%emt 0:02:31]} 28. Rd7 {[%emt 0:01:17]} R6e7 {[%emt 0:00:58]} 29. Kg3 {[%emt 0:02:08]} Kf7 {[%emt 0:02:43]} 30. R7d6 {[%emt 0:01:19]} Re6 {[%emt 0:01:25]} 31. R6d4 {[%emt 0:00:11]} a4 {[%emt 0:01:30]} 32. a3 {[%emt 0:02:19]} h6 {[%emt 0:01:42]} 33. Rd7+ {[%emt 0:02:04]} R6e7 {[%emt 0:00:25]} 34. f5 {[%emt 0:03:34]} g5 {[%emt 0:04:36]} 35. R2d6 {[%emt 0:03:54]} Rxd7 {[%emt 0:01:10]} 36. Rxd7+ {[%emt 0:00:05]} Re7 {[%emt 0:00:12]} 37. Rxe7+ {[%emt 0:00:35]} Kxe7 {[%emt 0:00:02]} 38. Bg7 {[%emt 0:00:10]} gxh4+ {[%emt 0:01:34]} 39. Kxh4 {[%emt 0:00:05]} Bd3 {[%emt 0:00:58]} 40. Kh5 {[%emt 0:00:55]} Be2 {[%emt 0:00:48]} 41. Bxh6 {[%emt 0:00:41]} Kf6 {[%emt 0:00:13]} 42. Bd2 {[%emt 0:00:22]} Bd3 {[%emt 0:00:30]} 43. Bc3+ {[%emt 0:00:04]} Kf7 {[%emt 0:00:04]} 44. Kg5 {[%emt 0:00:08]} Bc2 {[%emt 0:00:52]} 45. Kf4 {[%emt 0:00:08]} Bb1 {[%emt 0:00:31]} 46. g5 {[%emt 0:00:06]} Bc2 {[%emt 0:00:21]} 47. g6+ {[%emt 0:00:07]} Kg8 {[%emt 0:00:10]} 48. Kg5 {[%emt 0:00:09]} Bd3 {[%emt 0:00:27]} 49. f6 {[%emt 0:00:11]} Bc4 {[%emt 0:00:07]} 50. Kf4 {[%emt 0:00:13]} Kf8 {[%emt 0:00:54]} 51. Ke5 {[%emt 0:00:08]} Ke8 {[%emt 0:00:29]} 52. Bb4 {[%emt 0:00:20]} Bb3 {[%emt 0:00:34]} 53. Kf4 {[%emt 0:00:08]} Bc4 {[%emt 0:00:14]} 1-0